000 00923nas a2200313 454500
001 5022
005 20260407193504.0
008 260407s2010####ag###########|||spa#d
003 AR-UNSa-BCEJYS
040 _aAR-UNSa-BCEJYS
_bspa
_cAR-UNSa-BCEJYS
080 _a34
_xDerecho
245 1 0 _aCompendio Jurídico
264 1 _aBuenos Aires :
_bErrepar
_c2010
310 _aPeriodicidad: Mensual
041 _aspa
942 _cSER
590 _aniveau_biblio:s niveau_hierar:1
100 1 _aPerciavalle, Marcelo L.
700 1 _aAlvarez Juliá, Luis
700 1 _aDuarte, David
700 1 _aRomero Villanueva, Horacio J.
700 1 _aMischutin, Alejandro
650 _aDERECHO ADMINISTRATIVO
650 _aDerecho civil
650 _aDerecho
650 _aJURISPRUDENCIA
650 _aDOCTRINA
856 4 1 _uhttps://biblioeco.unsa.edu.ar/pmb/images/revistas/Comprendio Juridico.jpg
_yImagen de portada
_qimage/jpeg
999 _c8413
_d8413